Wuthering Heights Franchise - Statistics

General Stats
  • This quiz has been taken 18 times
  • The average score is 24 of 36
Answer Stats
Type Year Name Info % Correct
Film 1992 Emily Brontë's Wuthering Heights Paramount
100%
Novel 1847 Wuthering Heights Emily Brontë
100%
Film 1920 Wuthering Heights Ideal Film Company
100%
Film 1939 Wuthering Heights United Artists
100%
TV Film 1948 Wuthering Heights BBC
100%
Opera 1951 Wuthering Heights Bernard Herrmann
100%
TV Film 1953 Wuthering Heights BBC
100%
Film 1954 Wuthering Heights Plexus
100%
Opera 1958 Wuthering Heights Carlisle Floyd
100%
TV Play 1959 Wuthering Heights ABC
100%
TV Film 1962 Wuthering Heights BBC
100%
Musical 1964 Wuthering Heights Bernard J. Taylor
100%
TV Mini-Series 1967 Wuthering Heights BBC
100%
Film 1970 Wuthering Heights American International Pictures
100%
TV Film 1978 Wuthering Heights BBC Two
100%
Album 1979 Wuthering Heights (Various)
100%
Film 1988 Wuthering Heights Mediactuel / Saison Group / Seiyu Production / Toho
100%
TV Film 1998 Wuthering Heights ITV
100%
Ballet 2001 Wuthering Heights Claude-Michael Schönberg
100%
TV Film 2003 Wuthering Heights MTV
100%
TV Film 2004 Wuthering Heights Rai 1
100%
Album 2008 Wuthering Heights Mark Ryan
100%
TV Mini-Series 2009 Wuthering Heights ITV / PBS
100%
Film 2011 Wuthering Heights Curzon Artificial Eye
100%
Musical 1996 Heathcliff John Farrar
13%
Play 1992 Heights Vince Foxall
6%
TV Film 2015 Wuthering High School Lifetime
6%
TV Show 1964 Cumbres Borrascosas Telesistema Mexicano
0%
TV Show 1976 Cumbres Borrascosas Venevisión
0%
TV Show 1979 Cumbres Borrascosas Canal de las Estrellas
0%
Film 1966 Dil Diya Dard Liya Kadar Productions
0%
Film 1985 Hurlevent AMLF / Pierre Grise Productions
0%
Film 1991 I Will Wait for You in Heaven Reyna Films
0%
TV Mini-Series 2002 Sparkhouse BBC One
0%
Radio Series 2000 The Ghost of Wuthering Heights NPR / XM
0%
Film 2007 The Promise Regal Films / GMA Films
0%
No matching quizzes found
Score Distribution
Percent of People with Each Score
Percentile by Number Answered
Your Score History
You have not taken this quiz